Представление документа в формате RUSMARC

ПолеНазваниеЗначение
  Тип записи a
  Библиографический уровень m
001 Контрольный номер RU/CBS_UL/BASE/571401819
005 Дата корректировки 20240209174807.7
010 Индекс ISBN __
d Цена 31 р. 30 к.
9 Тираж экз.
100 Данные общей обработки __
a Данные общей обработки 20140814d2014 ||| 0rusy0189 ca
101 Язык документа 0_
a Язык текста rus
102 Страна публикации __
a Страна публикации RU
105 Кодированные данные (монография) __
a Кодированные данные (монография) y###||||000|y
200 Заглавие и сведения об ответственности 1_
a Заглавие Повести
b Общее обозначение материала Текст
f Первые сведения об ответственности Н. М. Карамзин
210 Выходные данные 1_
a Место издания Калининград
c Издательство Янтарный сказ
d Дата издания 2004
215 Физическое описание __
a Объем 63 с.
d Формат см.
300 Общие примечания __
a Общие примечания Ограничения по возрасту - 16+
300 Общие примечания __
a Общие примечания Под инв. номером 114897: 19-2
606 Тематические рубрики 0_
a Основная рубрика Русская литература, 18-19 вв. - Проза
610 Ключевые слова 0_
a Ключевые слова литература русская
a Ключевые слова проза
a Ключевые слова повести
686 Индексы других классификаций __
a Классификационный индекс 84(2Рос=Рус)1
2 Код системы ББК
700 Автор _0
a Фамилия Карамзин
b Имя (инициалы) Николай Михайлович
g Полное личное имя Н. М.
801 Источник записи _0
a Страна RU
b Организация МБУК ЦБС г. Ульяновска
c Дата составления 20140814
g Правила каталогизации RCR
801 Источник записи _1
a Страна RU
b Организация МБУК ЦБС г. Ульяновска
c Дата составления 20140814
g Правила каталогизации RCR
899 Данные о местонахождении __
i Авторский знак К 21
j Расстановочный фильтр Р1
901 Тип документа __
t Тип документа m
910 Корректоры записи __
a Корректор записи Скрипина